Normal view
MARC view
- Investment Analysis
Entry Topical Term
001 - CONTROL NUMBER
- control field: 1281
003 - CONTROL NUMBER IDENTIFIER
- control field: JO-AjAnu
005 - DATE AND TIME OF LATEST TRANSACTION
- control field: 20230606070520.0
008 - FIXED-LENGTH DATA ELEMENTS
- fixed length control field: 230606|| aca||aabn | a|a d
040 ## - CATALOGING SOURCE
- Original cataloging agency: JO-AjAnu
- Transcribing agency: JO-AjAnu
150 ## - HEADING--TOPICAL TERM
- Topical term or geographic name entry element: Investment Analysis
670 ## - SOURCE DATA FOUND
- Source citation: Work cat.: (JO-AjAnu)674: Chandra,Prasanna, author 1280, Investment Analysis and Portfolio Management